000 00591nam a2200181Ia 4500
003 IN-BaIIA
008 211028s9999 xx 000 0 eng d
020 _a978-1-56025-902-2
040 _cIIA Library
080 _a92:53
_bFAR
100 _aFarrell, John
_932288
245 4 _aThe day without yesterday
_bLemaitre, Einstein, and the birth of modern cosmology
_cFarrell John
260 _aNew York
_bThunder's Mouth Press
_c2005
300 _aviii, 262p.
650 _aGeorge Lamaitre
_932289
650 _aModern cosmology
_932290
942 _cBK
999 _c17139
_d17139